Law guide for all / (Record no. 9987)
[ view plain ]
| 000 -LEADER | |
|---|---|
| fixed length control field | 00805nam a22002537a 4500 |
| 001 - CONTROL NUMBER | |
| control field | 9987 |
| 003 - CONTROL NUMBER IDENTIFIER | |
| rucl marc code | BD-RjUL |
| 005 - DATE AND TIME OF LATEST TRANSACTION | |
| control field | 20211208234856.0 |
| 008 - FIXED-LENGTH DATA ELEMENTS--GENERAL INFORMATION | |
| fixed length control field | 140122r19481944nyn |||| b||| 001 0 eng d |
| 035 ## - SYSTEM CONTROL NUMBER | |
| System control number | (BD-RjUL)10034 |
| 040 ## - CATALOGING SOURCE | |
| Original cataloging agency | BD-RjUL |
| Language of cataloging | eng |
| Transcribing agency | BD-RjUL |
| 041 ## - LANGUAGE CODE | |
| Language code of text/sound track or separate title | eng |
| 082 04 - DEWEY DECIMAL CLASSIFICATION NUMBER | |
| Edition number | 21 |
| Classification number | 346.7307 |
| Author mark and year | RUL 1954 |
| 100 1# - MAIN ENTRY--PERSONAL NAME | |
| Personal name | Ruben, Ira H. |
| 9 (RLIN) | 30850 |
| 245 1# - TITLE STATEMENT | |
| Title | Law guide for all / |
| Statement of responsibility, etc. | Ira H. Ruben |
| 250 ## - EDITION STATEMENT | |
| Edition statement | 3rd ed. |
| 260 ## - PUBLICATION, DISTRIBUTION, ETC. (IMPRINT) | |
| Place of publication, distribution, etc. | New York : |
| Name of publisher, distributor, etc. | Barnes & Noble, |
| Date of publication, distribution, etc. | ©1944, [reprinting 1948,1954]. |
| 300 ## - PHYSICAL DESCRIPTION | |
| Pagination | vi, 85p. ; |
| Size | 20 cm. |
| 490 1# - SERIES STATEMENT | |
| Series statement | Everyday handbook series |
| 504 ## - BIBLIOGRAPHY, ETC. NOTE | |
| Bibliography, etc | Includes bibliography and index. |
| 650 ## - SUBJECT ADDED ENTRY--TOPICAL TERM | |
| Topical term or geographic name as entry element | Commercial law -- United States. |
| 9 (RLIN) | 30851 |
| 856 ## - ELECTRONIC LOCATION AND ACCESS | |
| Materials specified | WorldCat |
| Uniform Resource Identifier | <a href="http://www.worldcat.org/title/law-guide-for-all/oclc/6291956&referer=brief_results">http://www.worldcat.org/title/law-guide-for-all/oclc/6291956&referer=brief_results</a> |
| 942 ## - ADDED ENTRY ELEMENTS (KOHA) | |
| Source of classification or shelving scheme | Dewey Decimal Classification |
| Koha item type | Books |
| Lost status | Source of classification or shelving scheme | Damaged status | Not for loan | Collection code | Permanent Location | Current Location | Shelving location | Date acquired | Source of acquisition | Total Checkouts | Full call number | Date last seen | Copy number | Koha item type |
|---|---|---|---|---|---|---|---|---|---|---|---|---|---|---|
| Dewey Decimal Classification | Not For Loan | Non-fiction | Central Library, University of Rajshahi | Central Library, University of Rajshahi | Reading Room | 10/11/2058 | Asia Foundation Gift | 346.7307 RUL 1948 | 22/01/2014 | C-1 | Books | |||
| Dewey Decimal Classification | Non-fiction | Central Library, University of Rajshahi | Central Library, University of Rajshahi | 10/11/2058 | Asia Foundation Gift | 346.7307 RUL 1954 | 22/01/2014 | C-2 | Books |